[Event "HUN-chT2 0102"]
[Site "Hungary"]
[Date "2002.03.03"]
[Round "8"]
[White "Misler, Csaba"]
[Black "Tesinszky, Gyorgy"]
[Result "0-1"]
[WhiteElo "2053"]
[BlackElo "2196"]
[PlyCount "54"]
[EventDate "2001.??.??"]
[EventType "team"]
[EventRounds "11"]
[EventCountry "HUN"]
[SourceTitle "EXT 2004"]
[Source "ChessBase"]
[SourceDate "2003.11.25"]
[SourceVersion "1"]
[SourceVersionDate "2003.11.25"]
[SourceQuality "1"]

1. e4 e5 2. Nf3 Nc6 3. Bb5 Bc5 4. c3 f5 5. exf5 e4 6. Qe2 Qe7 7. Nd4 Bxd4 8. Bxc6 dxc6 9. cxd4 Bxf5 10. b3 0-0-0 11. Bb2 Qg5 12. 0-0 Nf6 13. Qe3 Qg6 14. Na3 Ng4 15. Qc3 Rd5 16. Nc4 h5 17. h3 Qh6 18. f3 Nf6 19. Ne5 Re8 20. f4 h4 21. Rac1 Nh5 22. Qe3 Ng3 23. Rf2 Qh5 24. a4 Rg8 25. Ba3 Bd7 26. Nxd7 Kxd7 27. Rc5 Qd1+ 0-1

[Event "HUN-chT2 Charousek 0001"]
[Site "Hungary"]
[Date "2000.11.26"]
[Round "1"]
[White "Csaba, Arpad Jr"]
[Black "Misler, Csaba"]
[Result "1-0"]
[WhiteElo "2133"]
[BlackElo "2045"]
[PlyCount "143"]
[EventDate "2000.11.26"]
[EventType "team"]
[EventRounds "11"]
[EventCountry "HUN"]
[SourceTitle "EXT 2007"]
[Source "ChessBase"]
[SourceDate "2006.11.23"]
[SourceVersion "1"]
[SourceVersionDate "2006.11.23"]
[SourceQuality "1"]
[WhiteTeam "Ajka Banyasz"]
[BlackTeam "Gyor Elektromos"]
[WhiteTeamCountry "HUN"]
[BlackTeamCountry "HUN"]

1. f4 d5 2. Nf3 e6 3. e3 Nf6 4. b3 c5 5. Bb2 Nc6 6. Bb5 Bd7 7. 0-0 Be7 8. d3 0-0 9. Bxc6 Bxc6 10. Ne5 Rc8 11. Nd2 Nd7 12. Qg4 Nxe5 13. Bxe5 Bf6 14. Nf3 Bxe5 15. fxe5 Qe7 16. Ng5 h6 17. Nh3 f5 18. exf6 Rxf6 19. Rxf6 Qxf6 20. Rf1 Qe5 21. Qf3 Qc7 22. Nf4 Rf8 23. Qg4 Rf6 24. Rf3 Qf7 25. Nh5 Rxf3 26. Qxf3 Qxf3 27. gxf3 Kf7 28. Kf2 e5 29. Ng3 g6 30. Ne2 Ke6 31. c4 dxc4 32. dxc4 Kf5 33. e4+ Ke6 34. Ke3 Be8 35. Nc3 Kd6 36. Nd5 Bf7 37. Nc3 Be8 38. a3 a6 39. Nd5 Bf7 40. Kd3 Be8 41. Nf6 Bf7 42. Ng4 h5 43. Ne3 Be6 44. Nd5 Bh3 45. Ke2 Be6 46. h4 Bd7 47. Nb6 Bh3 48. Kf2 Kc6 49. Nd5 Kd6 50. Ke3 Ke6 51. f4 Kd6 52. fxe5+ Kxe5 53. Nf4 Bg4 54. Nxg6+ Kf6 55. Nf4 Ke5 56. Nd3+ Kd6 57. e5+ Ke6 58. Nxc5+ Kxe5 59. Nxb7 Bd1 60. b4 Bb3 61. Na5 Ba2 62. a4 Bb1 63. b5 axb5 64. axb5 Bc2 65. b6 Kd6 66. c5+ Kd7 67. Kd4 Ba4 68. Nc4 Kc8 69. Ne5 Bd1 70. Kd5 Be2 71. Kd6 Bb5 72. c6 1-0

[Event "HUN-chT2 9900"]
[Site "Hungary"]
[Date "2000.02.27"]
[Round "8"]
[White "Misler, Csaba"]
[Black "Toth, Laszlo"]
[Result "1-0"]
[WhiteElo "2001"]
[BlackElo "2068"]
[PlyCount "99"]
[EventDate "1999.09.26"]
[EventType "team"]
[EventRounds "11"]
[EventCountry "HUN"]
[SourceTitle "EXT 2002"]
[Source "ChessBase"]
[SourceDate "2001.11.25"]
[SourceVersion "1"]
[SourceVersionDate "2001.11.25"]
[SourceQuality "1"]

1. e4 e5 2. Nf3 Nc6 3. Bb5 a6 4. Ba4 Nf6 5. 0-0 Nxe4 6. d4 b5 7. Bb3 d5 8. dxe5 Be6 9. c3 Be7 10. Bf4 0-0 11. Nd4 Nxd4 12. cxd4 f6 13. Nc3 Nxc3 14. bxc3 Qd7 15. Qe2 Rae8 16. a4 fxe5 17. Bxe5 Bf6 18. f4 Bg4 19. Bxd5+ Qxd5 20. Qxg4 c5 21. axb5 axb5 22. Ra7 Bxe5 23. fxe5 Rxf1+ 24. Kxf1 Rf8+ 25. Kg1 g6 26. Qh3 h5 27. Qg3 Qe4 28. h3 cxd4 29. Rc7 Qe3+ 30. Kh2 g5 31. e6 h4 32. Qxe3 dxe3 33. Rc5 e2 34. Rxg5+ Kh7 35. Re5 Kg6 36. Rxe2 Re8 37. e7 Kf6 38. g4 hxg3+ 39. Kxg3 Rg8+ 40. Kh2 Re8 41. h4 Kf5 42. Kh3 Kf4 43. Re1 Kf3 44. h5 Kf4 45. Kh4 Kf5 46. Re2 Kf6 47. Kg4 Rg8+ 48. Kf4 Re8 49. Re1 Kf7 50. Kf5 1-0

[Event "HUN-chT2 9900"]
[Site "Hungary"]
[Date "1999.11.21"]
[Round "5"]
[White "Gerencer, Jozef"]
[Black "Misler, Csaba"]
[Result "1/2-1/2"]
[WhiteElo "2134"]
[BlackElo "2001"]
[PlyCount "31"]
[EventDate "1999.09.26"]
[EventType "team"]
[EventRounds "11"]
[EventCountry "HUN"]
[SourceTitle "EXT 2002"]
[Source "ChessBase"]
[SourceDate "2001.11.25"]
[SourceVersion "1"]
[SourceVersionDate "2001.11.25"]
[SourceQuality "1"]

1. d4 d5 2. Nf3 Nf6 3. e3 e6 4. Bd3 Be7 5. Nbd2 Nbd7 6. c3 b6 7. Qe2 Bb7 8. e4 dxe4 9. Nxe4 0-0 10. 0-0 c5 11. dxc5 Nxe4 12. Bxe4 Bxe4 13. Qxe4 Nxc5 14. Qg4 Bf6 15. Be3 Qe7 16. Rfd1 1/2-1/2